El crimen de la escritura : una historia de las falsificaciones literarias españolas /

Estudio sobre los motivos políticos y sociales de las falsificaciones literarias en España, a la vez que revisa la relación de este tipo de creaciones con la manipulación de la narración histórica y de los hechos históricos con fines religiosos o políticos, para acomodar la realidad al gusto del int...

Descripción completa

Guardado en:
Detalles Bibliográficos
Autor principal: Alvarez Barrientos, Joaquín (autor)
Formato: Libro
Idioma:Español
Publicado: Madrid, España : Abada, 2014, c2014
Colección:(Lecturas Abada. Teoría Literaria)
Temas:
Etiquetas: Agrega una etiqueta
Sin etiquetas, Sé el primero en etiquetar este registro!

MARC

LEADER 00000nam^a2200000^a^4500
001 000390961
005 20250521000000.0
009 20260310121202.361
020 |a 978-84-16160-02-0 
037 |a Acervo ITESO - Biblioteca 
041 |a ESP 
082 |a 860. 946  |b ALV 
100 |a Alvarez Barrientos, Joaquín  |e (autor) 
245 1 3 |a El crimen de la escritura :  |b una historia de las falsificaciones literarias españolas /  |c J. Alvarez Barrientos. 
264 4 |a Madrid, España :  |b Abada,  |c 2014, c2014 
300 |a 450 p. 
336 |a texto  |b txt  |2 rdacontenido 
337 |a sin mediación  |b n  |2 rdamedio 
338 |a volumen  |b nc  |2 rdasoporte 
440 1 |a (Lecturas Abada.  |p Teoría Literaria) 
520 |a Estudio sobre los motivos políticos y sociales de las falsificaciones literarias en España, a la vez que revisa la relación de este tipo de creaciones con la manipulación de la narración histórica y de los hechos históricos con fines religiosos o políticos, para acomodar la realidad al gusto del interesado. Se incluyen casos de plagios, fraudes, los textos apócrifos, los heterónimos y pseudónimos. 
649 |a XX 
650 |a Escritores Españoles 
650 |a Falsificación y Plagio (Creación) -  |x Tema Principal 
650 |a Creación (Literaria, Artística, etc.) 
650 |a Literatura Española -  |x Historia y Crítica 
650 |a Literatura y Política -  |z España 
650 |a Literatura y Sociedad -  |z España -  |x Historia y Crítica -  |x Tema Principal 
650 |a Literatura e Historia -  |x Tema Principal 
910 |a Fondo General 
920 |a Impresos - Libros 
930 |a Colección General 
940 |a Literatura 
905 |a 101 
901 |a 0500285732  |b IT1  |c LIT  |i C146006  |u 20250521 
902 |a https://opac.biblio.iteso.mx/vufind/Record/000390961